VÝPOČET VZDIALENOSTÍ ZVOLENÝCH VÝŠOK DEPRESNEJ KRIVKY NEUSTÁLENÉHO PRÚDENIA PODZEMNEJ VODY OD RECIPIENTU

Bibliographic Details
Main Author: Bošiak, Štefan (Author)
Format: Article
Language:Slovak

MARC

LEADER 00000nab a2200000 a 4500
001 vtls010719669
003 SK-MaSNL
005 20260304195054.0
008 250709s1967 xo |||||||||||||||||slo|
035 |a (urnnbn)urn:nbn:sk:snk:ar-a04q82 
035 |a (uuid)d8f28b41-ff4d-4a4b-98d8-874e1bd10a70 
035 |a urn:nbn:sk:snk-ab3kx5 
040 |a SNKBUCL  |b slo  |c SNKBUCL  |e AACR2 
041 0 |a slo 
044 |a xo  |c SK 
100 1 |a Bošiak, Štefan  |4 aut  |9 1529635 
245 1 0 |a VÝPOČET VZDIALENOSTÍ ZVOLENÝCH VÝŠOK DEPRESNEJ KRIVKY NEUSTÁLENÉHO PRÚDENIA PODZEMNEJ VODY OD RECIPIENTU  |c Štefan Bošiak 
773 0 |t Vodohospodársky časopis : časopis pre hydrológiu a hydromechaniku  |g Roč. 15, č. 3 (1967), s. 317-323 
850 |a Slovenská národná knižnica 
852 |a Slovenská národná knižnica 
954 |a odborná, vedecká literatúra pôvodná (slovenská)  |2 lita 
958 |a article1 
958 |a OND 
958 |a EUIPO 
999 |c 3078956  |d 3080886